000 03450 ab a2200673 4500
003 AR-RoUNA
008 140529||||||||||||||||| |||| 0|||| d
022 _a03281051
040 _aAR-RoUNA
_bspa
041 _aspa
110 2 _aUniversidad Nacional de Rosario. Secretaria de Ciencia y Tecnología
_b . Comite Universitario de Política Ambiental
_98112
245 _aAmbiental :
260 _aRosario, Santa Fe :
_bUNR Editora,
_c1994
300 _a258 p. :
_btablas
_bDiagrs.
_c22 x 15 cm
505 0 _aAlberto E. Monsanto / Valoración y crisis del derecho internacional ambiental en el sistema de solución de controversias del Mercosur
505 0 _aMaría Eugenia Moya / Derecho de los pueblos originarios a un medioambiente sano
505 0 _aHoracio Lincoln Allende Rubino / Derechos de incidencia colectiva y el caso "HALABI"
505 0 _aHermida Lucena M. M. / Gestión ambiental en salud
505 0 _aDr, Carlos Enrique Arcocha / Residuos patológicos: Los senderos legales del laberinto
505 0 _aMónica Estela Tria / Gestión ambiental de los residuos patológicos en atención primaria de la salud
505 0 _aLuis A. Campra / Impacto ambiental de materiales dentales usados en operatoria dental
505 0 _aBioq. Farm. Marcelino Pablo Pignolo; Od. Janina Mateu Gagliardi; Od. A. Karina Molinas; Prof. Dra. Perla Hermida Lucena / Contribución a conocimiento de las interacciones entre el ecosistema oral y su entorno inmediato
505 0 _aProf. Lic. Liliana B. Contento / Gestión del agua y salud pública aspectos microbiológicos
505 0 _aHermida Lucena, M. M. / Aportes al análisis del sistema complejo. Facultad de odontología (FOR) / Hospital escuela odontólogico (HEO) desde la perspectiva ambiental
505 0 _aMosconi Patricia, Vazquez Jorge y Bracalenti Laura. Colaboradoras: Omelianiuk Sonia, Lagorio Laura / Viviendas de interes social: Análisis energético de funcionamiento
505 0 _aLamas C. / El sábalo Prochilodus Lineatus (Valenciennes, 1847) Actualización del estudio cobre poblaciones de sábalo en el río paraná
505 0 _aEnrique Richard / Aportes al conocimiento de las estructuras de tráfico de fauna silvestre de Argentina. I. relevamiento preliminar de la información y estructura interna del mercado
505 0 _aJuan José Borrel / Una eco-utopía cumplida: Proyecto geoestratégico en Galápagos
600 _98128
_aArcocha, Carlos Enrique
600 _aEguiazu, Guillermo Miguel
_98122
600 _aBracalenti, Laura
_98123
600 _aDi Bernardo, Elio
_98124
600 _aFuentes Huisman, Rosa Mirtha
_98125
600 _aLagorio, Laura
_97005
600 _aMiraya, Federico
_98126
651 0 _aRosario (Santa Fe, Argentina)
_91246
653 _aPlaguicidas
653 _aMedio Ambiente
653 _aTransporte Urbano
653 _aEl Espinillo
653 _aContaminacion Acústica
653 _aFormacion Ambiental
653 _aUnesco
653 _aPuentes
653 _aPuente Rosario-victoria
653 _aPampa Humeda
653 _aMercosur
653 _aN.a.f.i.a.
653 _aDesarrollo Agropecuario
653 _aMedio Ambiente
653 _aEcologia
653 _aAntropologia
773 0 _aAmbiental
_dRosario, Santa Fe 2010
_gaño 9 nº 9 (oct 2010) 258 p.
_x03281051
908 _aImp
930 _cK21
_e6045
942 _2udc
_cART
945 _aGOG
999 _c1425
_d1425
980 _8
_gCRON CRON